Rulers and nobles in fifteenth-century Muscovy /

Bibliographic Details
Main Author: Alef, Gustave
Format: Book
Language:English
German
Published: London : Variorum Reprints, 1983.
Series:Collected studies ; CS172.
Subjects:

MARC

Tag First Indicator Second Indicator Subfields
LEADER 00000cam a2200000 a 4500
001 in00000030273
005 20151007060248.0
008 841025r19831959enkaf b 00110 eng
010 |a  83180928  
020 |a 0860781208 
035 |a (OCoLC)09287315 
035 |9 AAC0438AM 
040 |a DLC  |c DLC  |d m/c  |d TXA  |d UtOrBLW 
041 0 |a eng  |a ger 
043 |a e-ur--- 
049 |a TXAM  |c [A11551029] 
050 0 0 |a DK100  |b .A44 1983 
082 0 |a 947/.04  |2 19 
100 1 |a Alef, Gustave. 
245 1 0 |a Rulers and nobles in fifteenth-century Muscovy /  |c Gustave Alef. 
264 1 |a London :  |b Variorum Reprints,  |c 1983. 
300 |a 354 unnumbered pages, 14 pages of plates :  |b illustrations ;  |c 23 cm. 
336 |a text  |b txt  |2 rdacontent 
337 |a unmediated  |b n  |2 rdamedia 
338 |a volume  |b nc  |2 rdacarrier 
490 1 |a Variorum reprint ;  |v CS172 
500 |a Collection of articles from various publications for the period 1959-1980. 
500 |a English and German. 
500 |a Title on spine: Rulers and nobles in 15th c. Muscovy. 
504 |a Includes bibliographical references and index. 
651 0 |a Russia  |x History  |y Period of Consolidation, 1462-1605. 
740 0 |a Rulers and nobles in 15th c. Muscovy. 
830 0 |a Collected studies ;  |v CS172. 
999 |a MARS 
999 f f |s 0ad27176-4ef3-3c69-81bf-a009a624cbe9  |i 4d1c7370-8465-3d03-a948-deb038220a45  |t 0 
952 f f |p ric  |a Texas A&M University  |b Rellis Campus  |c Joint Library Facility  |d Remote Storage  |t 0  |e DK100 .A44 1983  |h Library of Congress classification  |i unmediated -- volume  |m A14811551029 
998 f f |a DK100 .A44 1983  |t 0  |l Remote Storage